000
00296nam a2200121Ia 4500
008
241002s9999 xx 000 0 und d
082
_a
891.4394 CAP
100
_a
Captain, S.M Idrees
245
0
_a
Basang Amad (بسنگ آمد)
260
_a
Karachi:
_c
1970
600
_a
Literature
942
_c
UC
999
_c
18439
_d
18439